| 000 | 00000nam##2200000za#4500 |
| 001 | 9.699404 |
| 003 | CaOODSP |
| 005 | 20210625000350 |
| 007 | cr ||||||||||| |
| 008 | 150407|1960||||xxc|||||o f|0| 0 eng|d |
| 040 | |aCaOODSP|beng |
| 043 | |an-cn--- |
| 086 | 1 |aA53-1090/1960E-PDF |
| 110 | 1 |aCanada.|bAgriculture Canada.|bResearch Branch. |
| 245 | 10|aInfluence of depth of moist soil at seeding time and of seasonal rainfall on wheat yields in southwestern Saskatchewan / |h[electronic resource]|c[by] P.J. Janzen, N.A. Korven, G.K. Harris and J.J. Lehane. |
| 260 | |aOttawa - Ontario : |bAgriculture Canada. |cNovember 1960. |
| 300 | |a12p.|bfig., graph, tables, photographs |
| 500 | |aHistorical publication digitized by Agriculture and Agri-Food Canada. |
| 590 | |a14-11-Supp|b2014-05-21 |
| 690 | 07|aSoil|2gcpds |
| 690 | 07|aWheat|2gcpds |
| 856 | 40|ahttp://publications.gc.ca|qPDF|s703 KB|uhttps://publications.gc.ca/collections/collection_2014/aac-aafc/agrhist/A53-1090-1960-eng.pdf |
| 986 | |a1090 |